000 00385 a2200109 4500
001 ART_47964
005 20260410161954.0
008 260409a
245 1 0 _aLa regulación de los títulos de crédito en el nuevo Código Civil y Comercial de la Nación
100 1 _aDasso, Ariel G.
773 0 _tTemas de derecho comercial
_g- Año 4, N° 11 (nov. 2018)
_wREV28151
999 _c30645
_d30645